| 000 | 01086nam a22002777a 4500 | ||
|---|---|---|---|
| 999 |
_c112028 _d112028 |
||
| 003 | dpl | ||
| 005 | 20190403120242.0 | ||
| 008 | 190403b ||||| |||| 00| 0 eng d | ||
| 010 | B | _aB-149434 | |
| 020 | _c300.00 | ||
| 035 | _aB-149434, B-149438 | ||
| 037 | _bCen Lib/Ret | ||
| 040 |
_aDPL _bHN _c0 |
||
| 082 |
_a820.8 _bआरसु |
||
| 100 |
_aआरसु _941420 |
||
| 245 |
_aहिंदी साहित्य : _cआरसु _bसरोकार और साक्षात्कार / |
||
| 246 |
_aHindi sahitya : sarokar or sakshatkar / _bby Arsu |
||
| 260 |
_aदिल्ली _bपरेम्श्वरी प्रकाशन _c2004 |
||
| 270 |
_bदिल्ली _aबी-109, प्रीत विहार _e110032 |
||
| 300 |
_a253पृ. _c20सेमी(सजिल्द ) |
||
| 650 |
_aहिंदी साहित्य _x _z _945549 |
||
| 650 |
_v _aहिंदी पत्र _945550 |
||
| 650 |
_aHindi litarature _945551 |
||
| 650 |
_aHindi patr _945552 |
||
| 942 |
_2ddc _cHN _h820.8 _mआरसु |
||